000 00294nam a22001097a 4500
008 230620b xxu||||| |||| 00| 0 eng d
082 _a320.09
_bBAI 1963
245 _aThe United Nations
_bA Short Political Guide
260 _aLondon
_bPall Mall Press Ltd
_c1963
300 _a141p
942 _2ddc
_cBK
999 _c1617
_d1617